[Event "Rated Blitz game"]
[Site "?"]
[Date "2021.11.06"]
[Round "?"]
[White "ARDosina"]
[Black "RoadToFM-L"]
[Result "0-1"]
[WhiteElo "2493"]
[BlackElo "2599"]
[PlyCount "88"]
[EventDate "2021.??.??"]
[EventType "blitz"]

1. e4 e5 2. Nf3 d5 3. Nxe5 Bd6 4. d4 dxe4 5. Nc4 Nc6 6. Nc3 Nf6 7. Be2 O-O 8.
Nxd6 cxd6 9. Bg5 Re8 10. Qd2 h6 11. Bh4 Bf5 12. Nd5 e3 13. Nxe3 Be4 14. f3 Bg6
15. Nd5 Rc8 16. c3 Re6 17. Nxf6+ gxf6 18. O-O d5 19. Rfe1 Kg7 20. Bd3 Qd6 21.
Bg3 Qd7 22. Bf4 h5 23. Kf2 Rce8 24. Rxe6 fxe6 25. Bxg6 Kxg6 26. g4 h4 27. Qd3+
Kg7 28. Re1 e5 29. dxe5 fxe5 30. Bd2 Qe6 31. c4 d4 32. Qe4 Nd8 33. h3 Nf7 34.
f4 Nd6 35. Qxe5+ Qxe5 36. Rxe5 Rc8 37. c5 Nc4 38. Re2 Nxb2 39. Bb4 Nd3+ 40. Kf3
Nxb4 41. Ke4 d3 42. Rb2 Re8+ 43. Kd4 Rd8+ 44. Kc3 a5 {Time forfeit} 0-1

[Event "Rated Blitz game"]
[Site "?"]
[Date "2021.11.06"]
[Round "?"]
[White "LaVoieLactee"]
[Black "RoadToFM-L"]
[Result "0-1"]
[WhiteElo "2578"]
[BlackElo "2575"]
[PlyCount "140"]
[EventDate "2021.??.??"]
[EventType "blitz"]

1. e4 e5 2. Nf3 d5 3. exd5 e4 4. Qe2 Nf6 5. d3 Bb4+ 6. c3 O-O 7. dxe4 Bd6 8.
Bg5 Re8 9. Nbd2 h6 10. Bxf6 Qxf6 11. O-O-O Nd7 12. Kb1 Nc5 13. Ka1 a5 14. Qe3
a4 15. Qd4 Qg6 16. a3 Rxe4 17. Bd3 Rxd4 18. Bxg6 Rxd5 19. Bc2 Be6 20. Ne4 Be7
21. Nxc5 Bxc5 22. Be4 Rxd1+ 23. Rxd1 c6 24. Rd2 Re8 25. Re2 Kf8 26. Bd3 Rd8 27.
Bc2 Bc4 28. Rd2 Re8 29. Bxa4 g5 30. h3 b5 31. Bc2 Bd5 32. b4 Bb6 33. Kb2 Be6
34. Be4 c5 35. Bc6 Rb8 36. Bd5 cxb4 37. axb4 Bf5 38. Nd4 Bg6 39. Nxb5 Bd8 40.
Nd4 Bf6 41. Kb3 Rd8 42. Bf3 Rc8 43. b5 Be7 44. Nc6 Bc5 45. Kc4 Bb6 46. Kb4 Ra8
47. c4 Ra1 48. c5 Rb1+ 49. Kc4 Rc1+ 50. Kd5 Rxc5+ 51. Kd6 Rxb5 52. Ne5 Bc7+ 53.
Kxc7 Rxe5 54. Kd6 Re6+ 55. Kd5 Kg7 56. Kc4 Rf6 57. Bd5 Rf4+ 58. Kc5 Rf6 59. f3
Bf5 60. Bc6 Bg6 61. Rd6 Rf4 62. Rd4 Rf5+ 63. Rd5 Rf6 64. Rd6 h5 65. Rxf6 Kxf6
66. Kd4 Kf5 67. Be4+ Kf4 68. Bxg6 fxg6 69. Kd3 Kg3 70. f4 gxf4 {Normal} 0-1

[Event "Rated Blitz tournament N8SaUZwc"]
[Site "?"]
[Date "2021.11.06"]
[Round "?"]
[White "AndreyNeves"]
[Black "Moskvin_Tolik"]
[Result "0-1"]
[WhiteElo "2294"]
[BlackElo "2467"]
[PlyCount "78"]
[EventDate "2021.??.??"]
[EventType "blitz"]

1. e4 e5 2. Nf3 d5 3. exd5 e4 4. Qe2 Nf6 5. d3 Be7 6. dxe4 O-O 7. Nc3 Re8 8.
Be3 Bb4 9. O-O-O Bxc3 10. bxc3 Nxe4 11. Qc4 Bg4 12. Bd3 Bxf3 13. gxf3 Nd6 14.
Qg4 Nd7 15. Rhg1 g6 16. f4 Nf6 17. Qg2 Qd7 18. f5 Nxf5 19. Qh3 Nxe3 20. Qxd7
Nxd7 21. fxe3 Rxe3 22. Kd2 Rae8 23. Bb5 R3e7 24. h4 Rd8 25. c4 Ne5 26. Kc3 h5
27. Rg3 f6 28. Rdg1 Kf7 29. Ba4 c5 30. dxc6 bxc6 31. c5 Kg7 32. Bb3 Red7 33.
Re1 Rd4 34. Rg5 fxg5 35. Rxe5 gxh4 36. Re7+ Kh6 37. Rxa7 h3 38. Rf7 h2 39. Rf1
Rd1 {Normal} 0-1

[Event "Rated Blitz game"]
[Site "?"]
[Date "2021.11.06"]
[Round "?"]
[White "Semenychev_Alexander"]
[Black "Tintyn"]
[Result "1-0"]
[WhiteElo "2450"]
[BlackElo "2486"]
[PlyCount "101"]
[EventDate "2021.??.??"]
[EventType "blitz"]

1. e4 e5 2. Nf3 d5 3. exd5 e4 4. Ne5 Qxd5 5. d4 exd3 6. Nxd3 Nf6 7. Nc3 Qf5 8.
Be2 Nc6 9. O-O Be6 10. Be3 O-O-O 11. Qc1 Nd4 12. Bxd4 Rxd4 13. Bf3 a6 14. Qe3
c5 15. Ne2 Ng4 16. Nxd4 Nxe3 17. Nxf5 Nxf1 18. Nxg7 Nd2 19. Nxe6 Nxf3+ 20. gxf3
fxe6 21. Re1 Rg8+ 22. Kf1 Rg6 23. Nf4 Rf6 24. Nxe6 Bd6 25. f4 Bxf4 26. Nxc5
Bxh2 27. Re8+ Kc7 28. Re7+ Kc6 29. Nxb7 Bg3 30. Ke2 Rxf2+ 31. Kd3 h5 32. Na5+
Kb5 33. Nb3 h4 34. Nd4+ Kc5 35. Rh7 Rf1 36. c3 Rb1 37. Kc2 Rh1 38. Rh5+ Kd6 39.
Nf5+ Ke6 40. Nxg3 Rh2+ 41. Ne2 Rxe2+ 42. Kb3 Rh2 43. Rh6+ Kf5 44. Rxa6 h3 45.
a4 Kg5 46. Ra8 Rf2 47. Rh8 Kg4 48. a5 Rf5 49. a6 Ra5 50. Rh6 Rh5 51. Rxh5 {
Normal} 1-0

[Event "Rated Blitz game"]
[Site "?"]
[Date "2021.11.06"]
[Round "?"]
[White "abp1980"]
[Black "batalla2"]
[Result "1-0"]
[WhiteElo "2405"]
[BlackElo "2477"]
[PlyCount "97"]
[EventDate "2021.??.??"]
[EventType "blitz"]

1. e4 e5 2. Nf3 d5 3. exd5 Bd6 4. d4 e4 5. Ne5 Nf6 6. c4 c5 7. dxc6 Nxc6 8.
Nxc6 bxc6 9. Be2 O-O 10. Nc3 Re8 11. Bg5 h6 12. Bh4 Bf5 13. h3 Rb8 14. Qd2 e3
15. fxe3 g5 16. O-O Bxh3 17. Bxg5 hxg5 18. gxh3 Bb4 19. Bf3 Qd6 20. Bg2 Ne4 21.
Nxe4 Rxe4 22. Qf2 Re7 23. e4 Qg6 24. e5 c5 25. Bd5 cxd4 26. Qf6 Qxf6 27. Rxf6
Rxe5 28. Rxf7 Rxd5 29. Raf1 Rdd8 30. Rxa7 Rf8 31. Rxf8+ Rxf8 32. Rd7 Bc5 33.
Rd5 Rc8 34. Kg2 Kf7 35. a3 Kf6 36. b4 Be7 37. Rxd4 Ra8 38. Rd3 Rc8 39. c5 Kf5
40. Kf3 Bf6 41. Rd5+ Kg6 42. Rd6 Ra8 43. c6 Rxa3+ 44. Ke4 Rb3 45. c7 Rxb4+ 46.
Kd5 Rd4+ 47. Kc6 Rc4+ 48. Kd7 Rxc7+ 49. Kxc7 {Time forfeit} 1-0

[Event "Rated Blitz game"]
[Site "?"]
[Date "2021.11.06"]
[Round "?"]
[White "Tartakower257"]
[Black "King_bg03"]
[Result "1/2-1/2"]
[WhiteElo "2567"]
[BlackElo "2594"]
[PlyCount "216"]
[EventDate "2021.??.??"]
[EventType "blitz"]

1. e4 e5 2. Nf3 d5 3. Nxe5 Bd6 4. d4 dxe4 5. Nc3 Bxe5 6. dxe5 Qxd1+ 7. Kxd1 Nc6
8. Bb5 Bd7 9. Bxc6 Bxc6 10. Re1 O-O-O+ 11. Bd2 Ne7 12. Nxe4 Ng6 13. Ng5 Rd7 14.
Kc1 Bxg2 15. f4 Rhd8 16. Be3 h6 17. Nxf7 Rxf7 18. e6 Rf6 19. b3 Re8 20. Bd4
Rfxe6 21. Rxe6 Rxe6 22. Bxg7 Nxf4 23. Kb2 Nh5 24. Bf8 Rf6 25. Be7 Rf1 26. Rxf1
Bxf1 27. Bf8 Kd7 28. Bxh6 Ke6 29. Be3 b6 30. c4 c5 31. a4 Kf5 32. a5 Ke4 33.
Bg1 Nf4 34. axb6 axb6 35. Ka3 Ne2 36. Bf2 Nd4 37. h4 Be2 38. Kb2 Bd1 39. Kc3
Nxb3 40. h5 Kf5 41. h6 Kg6 42. Bg3 Kxh6 43. Bc7 Kg6 44. Bxb6 Kf5 45. Bxc5 Nxc5
46. Kd4 Nd7 47. Kd5 Ba4 48. Kd6 Nb8 49. c5 Nc6 50. Kd5 Kf6 51. Kd6 Kf7 52. Kc7
Kf6 53. Kd6 Kf5 54. Kd5 Kf4 55. Kc4 Ke3 56. Kd5 Kd3 57. Kd6 Kc4 58. Ke6 Kxc5
59. Kf5 Nd4+ 60. Ke4 Bc6+ 61. Kd3 Bd5 62. Ke3 Kb4 63. Kd3 Nc6 64. Ke3 Bc4 65.
Ke4 Kc5 66. Kf5 Nd4+ 67. Kf4 Bd5 68. Ke3 Kc4 69. Kf4 Kd3 70. Ke5 Be4 71. Kf4
Nf5 72. Ke5 Ke3 73. Kf6 Kf4 74. Ke6 Ne3 75. Kf6 Nd5+ 76. Ke6 Bf5+ 77. Kd6 Ne3
78. Kc5 Ke4 79. Kb4 Nd5+ 80. Kc5 Be6 81. Kc6 Ke5 82. Kc5 Nf4 83. Kb4 Bd5 84.
Kc3 Ne6 85. Kd2 Nc5 86. Ke3 Nd7 87. Kd3 Nf6 88. Ke3 Ng4+ 89. Kd3 Kf5 90. Kd4
Be4 91. Kc5 Ne5 92. Kb4 Nd3+ 93. Kc3 Nf4 94. Kd4 Ne6+ 95. Ke3 Ke5 96. Kd2 Nc5
97. Kc1 Kd4 98. Kd2 Nd3 99. Ke2 Kc4 100. Kd2 Bd5 101. Ke2 Kd4 102. Kd2 Be4 103.
Ke2 Nc5 104. Kd2 Ne6 105. Ke2 Nf4+ 106. Kd2 Bd3 107. Ke1 Nd5 108. Kf2 Ne3 {
Normal} 1/2-1/2

[Event "Rated Blitz game"]
[Site "?"]
[Date "2021.11.06"]
[Round "?"]
[White "Svjatoslav143"]
[Black "DOOGE228"]
[Result "0-1"]
[WhiteElo "2433"]
[BlackElo "2428"]
[PlyCount "76"]
[EventDate "2021.??.??"]
[EventType "blitz"]

1. e4 e5 2. Nf3 d5 3. d4 dxe4 4. Nxe5 Bd6 5. Bf4 Nf6 6. Nd2 O-O 7. Be2 Nd5 8.
Bg3 f5 9. c4 Ne7 10. Bf4 Nbc6 11. c5 Bxe5 12. dxe5 Be6 13. Nc4 Nd5 14. Qd2 Qe7
15. Be3 Qf7 16. Bd4 Rad8 17. Rd1 Nxd4 18. Qxd4 Qe7 19. O-O Nf4 20. Qe3 Nxe2+
21. Qxe2 Qxc5 22. b3 Bxc4 23. bxc4 Qxe5 24. Qc2 c5 25. Qb3 b6 26. Qa4 Qc7 27.
h3 Rd4 28. Qb5 Rfd8 29. Rxd4 cxd4 30. Rc1 Qc5 31. Qa6 Rd7 32. Rb1 d3 33. Rb5 d2
34. Rxc5 d1=Q+ 35. Kh2 bxc5 36. Qc8+ Kf7 37. Qxc5 Qd6+ 38. Qxd6 Rxd6 {Normal}
0-1

[Event "Rated Blitz game"]
[Site "?"]
[Date "2021.11.06"]
[Round "?"]
[White "izel2"]
[Black "RoadToFM-L"]
[Result "0-1"]
[WhiteElo "2603"]
[BlackElo "2563"]
[PlyCount "54"]
[EventDate "2021.??.??"]
[EventType "blitz"]

1. e4 e5 2. Nf3 d5 3. exd5 e4 4. Qe2 Nf6 5. d3 Bb4+ 6. c3 O-O 7. dxe4 Bd6 8.
Bg5 Re8 9. Nbd2 h6 10. Bxf6 Qxf6 11. O-O-O Nd7 12. Kb1 a5 13. Qd3 Nc5 14. Qc2
a4 15. Bb5 c6 16. dxc6 bxc6 17. Bxc6 Ba6 18. e5 Bxe5 19. Nxe5 Rxe5 20. Nf3 Re2
21. Bxa8 Rxc2 22. Kxc2 Qg6+ 23. Kc1 Nd3+ 24. Rxd3 Bxd3 25. Rd1 Bb5 26. Nd4 Bc4
27. Re1 Qg5+ {Time forfeit} 0-1

[Event "Rated Blitz tournament N8SaUZwc"]
[Site "?"]
[Date "2021.11.06"]
[Round "?"]
[White "nyangwesowil"]
[Black "batasjon"]
[Result "0-1"]
[WhiteElo "2204"]
[BlackElo "2448"]
[PlyCount "82"]
[EventDate "2021.??.??"]
[EventType "blitz"]

1. e4 e5 2. Nf3 d5 3. exd5 e4 4. Qe2 Nf6 5. Nc3 Be7 6. Nxe4 O-O 7. d3 Re8 8.
Be3 Nxd5 9. O-O-O f5 10. Neg5 f4 11. c4 Bxg5 12. Nxg5 Qxg5 13. cxd5 fxe3 14.
fxe3 Qxe3+ 15. Qxe3 Rxe3 16. g3 Bg4 17. Rd2 Re1+ 18. Kc2 Bf3 19. Rg1 Nd7 20.
Rf2 Bxd5 21. b3 Rae8 22. Kd2 Nf6 23. Rf5 c6 24. Rg2 Rxf1 25. Rxf1 Bxg2 26. Rf2
Bd5 27. Re2 Rxe2+ 28. Kxe2 Kf7 29. h3 Ke6 30. g4 Ke5 31. Ke3 c5 32. d4+ cxd4+
33. Kd3 Ne4 34. Ke2 Nc5 35. Kd2 Ke4 36. Kd1 Ke3 37. Ke1 Bf3 38. Kf1 d3 39. Kg1
Ne4 40. Kh2 d2 41. h4 Bxg4 {Time forfeit} 0-1

[Event "Rated Blitz game"]
[Site "?"]
[Date "2021.11.06"]
[Round "?"]
[White "jamshah12345"]
[Black "SerialDrinker"]
[Result "1-0"]
[WhiteElo "2417"]
[BlackElo "2331"]
[PlyCount "97"]
[EventDate "2021.??.??"]
[EventType "blitz"]

1. e4 e5 2. Nf3 d5 3. exd5 e4 4. Qe2 Nf6 5. Nc3 Be7 6. Nxe4 O-O 7. Nxf6+ Bxf6
8. Qd1 Qxd5 9. Be2 Nc6 10. O-O Bg4 11. c3 Rfe8 12. d4 Re7 13. Be3 Rae8 14. Qd2
h6 15. Rfe1 Bf5 16. b3 a6 17. c4 Qd7 18. Rad1 g5 19. d5 Ne5 20. Nxe5 Bxe5 21.
g3 Bg7 22. Bf3 Bh3 23. Bg2 Bxg2 24. Kxg2 Qf5 25. Qd3 Qg4 26. h3 Qd7 27. d6 cxd6
28. Qxd6 Qxd6 29. Rxd6 Bc3 30. Red1 Be5 31. Rxh6 f6 32. Rh5 Kg7 33. g4 Kg6 34.
Rd5 Re6 35. Rd7 R6e7 36. Rxe7 Rxe7 37. Rh8 Bc7 38. Rc8 Kf7 39. a4 Ke6 40. b4
Kd7 41. Rf8 Be5 42. Bc5 Rg7 43. b5 axb5 44. cxb5 Rh7 45. a5 Kc7 46. Bb6+ Kd7
47. a6 bxa6 48. bxa6 Kc6 49. a7 {Time forfeit} 1-0

[Event "Rated Blitz game"]
[Site "?"]
[Date "2021.11.06"]
[Round "?"]
[White "MFmauricioRamirez"]
[Black "Maltinho"]
[Result "1/2-1/2"]
[WhiteElo "2702"]
[BlackElo "2565"]
[PlyCount "83"]
[EventDate "2021.??.??"]
[EventType "blitz"]

1. e4 e5 2. Nf3 d5 3. Nxe5 Bd6 4. d4 dxe4 5. Qe2 Nf6 6. Nc3 O-O 7. Bg5 Re8 8.
O-O-O Nc6 9. Nxe4 Nxd4 10. Rxd4 Rxe5 11. f4 Re8 12. Bxf6 gxf6 13. Nxf6+ Qxf6
14. Qxe8+ Kg7 15. Rd2 Bxf4 16. Bd3 Qg5 17. Rhd1 Bg4 18. Qxa8 Bxd1 19. Kxd1 Bxd2
20. Qxa7 Bc1 21. Qd4+ Kg8 22. Be2 Be3 23. Qg4 Qxg4 24. Bxg4 b6 25. Bf3 Bg1 26.
h3 Bh2 27. Ke2 Be5 28. b3 Kf8 29. Kd3 Ke7 30. Kc4 Kd6 31. Kb5 Bc3 32. a4 f5 33.
b4 Kd7 34. a5 bxa5 35. Kxa5 c5 36. Kb5 cxb4 37. Kc5 Ke6 38. g4 fxg4 39. Bxg4+
Kf6 40. Kd5 h6 41. Ke4 Kg5 42. Bc8 {Normal} 1/2-1/2

[Event "Rated Blitz tournament N8SaUZwc"]
[Site "?"]
[Date "2021.11.06"]
[Round "?"]
[White "Billie_Eilish_18"]
[Black "batasjon"]
[Result "0-1"]
[WhiteElo "2221"]
[BlackElo "2452"]
[PlyCount "48"]
[EventDate "2021.??.??"]
[EventType "blitz"]

1. e4 e5 2. Nf3 d5 3. Nc3 dxe4 4. Nxe4 f5 5. Ng3 e4 6. Ng1 Nf6 7. Bc4 Nc6 8.
N1e2 Ne5 9. Bb3 h5 10. h4 Bc5 11. O-O Nfg4 12. d4 Qxh4 13. Re1 Bb6 14. Nf4 Qh2+
15. Kf1 h4 16. Nxe4 Nf3 17. Nf6+ Kf8 18. Qxf3 gxf6 19. Ng6+ Kg7 20. Nxh8 Bxd4
21. Re7+ Kxh8 22. Bf4 Qh1+ 23. Ke2 Qxa1 24. Qd5 Qxb2 {Time forfeit} 0-1

[Event "Rated Blitz game"]
[Site "?"]
[Date "2021.11.06"]
[Round "?"]
[White "Striker17TR"]
[Black "King_bg03"]
[Result "0-1"]
[WhiteElo "2482"]
[BlackElo "2568"]
[PlyCount "128"]
[EventDate "2021.??.??"]
[EventType "blitz"]

1. e4 e5 2. Nf3 d5 3. exd5 e4 4. Nd4 Nf6 5. Nc3 Bc5 6. Nb3 Bb6 7. d4 O-O 8. Be2
Re8 9. O-O a6 10. Bg5 Qd6 11. Bxf6 Qxf6 12. Na4 Ba7 13. c4 Qg6 14. Kh1 Nd7 15.
Nc3 Nf6 16. Qd2 Bb8 17. c5 Bg4 18. h3 Bf5 19. Qe3 Rd8 20. Bc4 Qh5 21. Ne2 b5
22. cxb6 cxb6 23. Nf4 Qh4 24. d6 Bxd6 25. Nd5 Nxd5 26. Bxd5 Bf4 27. Bxa8 Bxe3
28. fxe3 Bxh3 29. Rf4 Bg4+ 30. Kg1 Rxa8 31. Rxe4 Qg3 32. Rf4 Bh3 33. Rf2 Rc8
34. Re1 Rc2 35. Ree2 Rxe2 36. Rxe2 Be6 37. Nc1 Qg6 38. e4 Qf6 39. d5 Bg4 40.
Rd2 Qf4 41. Nb3 Qxe4 42. Kh1 Qe1+ 43. Kh2 Qe5+ 44. Kg1 Bd7 45. d6 a5 46. Kf1 a4
47. Nd4 Qxd6 48. Nf3 Bb5+ 49. Kg1 Qf6 50. Kh1 Bc6 51. a3 Bxf3 52. gxf3 Qxf3+
53. Kg1 Qe3+ 54. Rf2 Qb3 55. Kg2 g6 56. Re2 Kg7 57. Rf2 Qd5+ 58. Kf1 Qd4 59.
Kg1 Qxf2+ 60. Kxf2 g5 61. Kg3 f6 62. Kg4 Kg6 63. Kg3 f5 64. Kf2 h5 {Time
forfeit} 0-1

[Event "Rated Blitz game"]
[Site "?"]
[Date "2021.11.06"]
[Round "?"]
[White "Annali-annaliew1979"]
[Black "Tintyn"]
[Result "0-1"]
[WhiteElo "2464"]
[BlackElo "2468"]
[PlyCount "38"]
[EventDate "2021.??.??"]
[EventType "blitz"]

1. e4 e5 2. Nf3 d5 3. Nc3 dxe4 4. Nxe5 Nf6 5. Bc4 Qd4 6. Bxf7+ Ke7 7. Ne2 Qxe5
8. Bb3 Nc6 9. h3 Be6 10. O-O Bxb3 11. axb3 Kf7 12. d4 exd3 13. Qxd3 Bc5 14. Bf4
Qd5 15. Bxc7 Qxd3 16. cxd3 Rhe8 17. Nc3 Nd4 18. Ra5 b6 19. Ra4 a5 {Normal} 0-1

[Event "Rated Blitz game"]
[Site "?"]
[Date "2021.11.06"]
[Round "?"]
[White "Orian21"]
[Black "GoughPhar"]
[Result "0-1"]
[WhiteElo "2380"]
[BlackElo "2448"]
[PlyCount "100"]
[EventDate "2021.??.??"]
[EventType "blitz"]

1. e4 e5 2. Nf3 d5 3. Nxe5 Bd6 4. d4 dxe4 5. Nc3 Bxe5 6. dxe5 Qxd1+ 7. Kxd1 Nc6
8. Bf4 Bg4+ 9. Be2 O-O-O+ 10. Ke1 Bxe2 11. Kxe2 Nd4+ 12. Kf1 Nxc2 13. Rc1 Nb4
14. Nxe4 Nd3 15. Nd6+ Rxd6 16. exd6 Nxc1 17. Bxc1 cxd6 18. Bf4 Kd7 19. Ke2 Nf6
20. Rd1 Re8+ 21. Kf3 Re6 22. Rd4 h6 23. h4 Nh5 24. Ra4 Nxf4 25. Kxf4 Rf6+ 26.
Kg3 a6 27. Rb4 Kc7 28. Re4 Re6 29. Rf4 f6 30. Rg4 g5 31. hxg5 hxg5 32. f4 Re3+
33. Kf2 Re4 34. Kf3 Rxf4+ 35. Rxf4 gxf4 36. Kxf4 Kd7 37. Kf5 Ke7 38. g3 d5 39.
b4 b6 40. a4 Kf7 41. Kf4 Ke6 42. g4 b5 43. a5 Ke7 44. Ke3 Kf7 45. Kd3 Ke6 46.
Kd4 Kd6 47. Kd3 Ke5 48. Ke3 d4+ 49. Kd3 Kd5 50. Kd2 Kc4 {Normal} 0-1

[Event "Rated Blitz game"]
[Site "?"]
[Date "2021.11.06"]
[Round "?"]
[White "EEberhart"]
[Black "DOOGE228"]
[Result "1-0"]
[WhiteElo "2301"]
[BlackElo "2442"]
[PlyCount "89"]
[EventDate "2021.??.??"]
[EventType "blitz"]

1. e4 e5 2. Nf3 d5 3. exd5 e4 4. Qe2 Nf6 5. d3 Qxd5 6. Nbd2 Nc6 7. Nxe4 Be6 8.
Nxf6+ gxf6 9. Bf4 O-O-O 10. g3 Bb4+ 11. Bd2 Bxd2+ 12. Kxd2 Rhe8 13. Bg2 Bg4 14.
Qd1 Nd4 15. Nxd4 Qxd4 16. f3 Qe3+ 17. Kc3 Re5 18. fxg4 Rc5+ 19. Kb3 Rd6 20. a3
Qd4 21. Ka2 Rb6 22. Rb1 Rcb5 23. c3 Qf2 24. Qc1 Qxg2 25. Re1 Rb3 26. Rd1 Qd5
27. Ka1 a6 28. Qc2 Kb8 29. Re1 Qd6 30. Re4 Ka7 31. Ra4 c5 32. c4 Qd4 33. Qe2
Rxd3 34. Qc2 Rd2 35. Qc3 Qxc3 36. bxc3 Rxb1+ 37. Kxb1 Rxh2 38. Ra5 Kb6 39. Ra4
Rg2 40. Rb4+ cxb4 41. cxb4 Kc6 42. Ka1 b5 43. Kb1 bxc4 44. a4 a5 45. b5+ {
Time forfeit} 1-0

[Event "Rated Blitz game"]
[Site "?"]
[Date "2021.11.06"]
[Round "?"]
[White "madcap_tr"]
[Black "Annali-annaliew1979"]
[Result "0-1"]
[WhiteElo "2439"]
[BlackElo "2469"]
[PlyCount "92"]
[EventDate "2021.??.??"]
[EventType "blitz"]

1. e4 e5 2. Nf3 d5 3. exd5 e4 4. Qe2 f5 5. d3 Nf6 6. Nc3 Bb4 7. dxe4 Bxc3+ 8.
bxc3 fxe4 9. Nd4 O-O 10. c4 c5 11. Nb3 Bf5 12. Be3 Nbd7 13. Qd2 b6 14. Be2 Ng4
15. h3 Nxe3 16. Qxe3 Ne5 17. O-O Qf6 18. Rad1 Rae8 19. Qf4 Qg6 20. Qg3 Qf6 21.
f3 exf3 22. Bxf3 Bxc2 23. Rc1 Bd3 24. Be2 Qg6 25. Rxf8+ Kxf8 26. Rf1+ Kg8 27.
Qxg6 Bxg6 28. Nd2 Nd3 29. Bxd3 Bxd3 30. Rf3 Be2 31. Rf4 g6 32. Rf6 Kg7 33. Rc6
Bd3 34. Rc7+ Kf6 35. Rxh7 Re2 36. Nf3 Bxc4 37. Rxa7 Bxd5 38. Ra6 Bxf3 39. Rxb6+
Kf5 40. gxf3 Rxa2 41. Rb5 Rc2 42. Kf1 Kf4 43. Rb3 c4 44. Ra3 c3 45. Kg1 Kxf3
46. Kf1 Rc1# {Normal} 0-1

[Event "Rated Blitz game"]
[Site "?"]
[Date "2021.11.06"]
[Round "?"]
[White "kupusribanjac"]
[Black "Aldebaraan"]
[Result "1-0"]
[WhiteElo "2428"]
[BlackElo "2321"]
[PlyCount "85"]
[EventDate "2021.??.??"]
[EventType "blitz"]

1. e4 e5 2. Nf3 d5 3. exd5 e4 4. Qe2 f5 5. d3 Nf6 6. Nbd2 Bd6 7. dxe4 fxe4 8.
Nxe4 O-O 9. Nxd6 cxd6 10. Be3 Bg4 11. Qd2 Nbd7 12. Be2 Nc5 13. Bxc5 dxc5 14. c4
Ne4 15. Qd3 Qa5+ 16. Nd2 Nxd2 17. Qxd2 Qxd2+ 18. Kxd2 Rxf2 19. Rae1 Re8 20. h3
Bxe2 21. Kc1 Bh5 22. Rxe8+ Bxe8 23. Re1 Bg6 24. Re7 Rc2+ 25. Kd1 Rxb2 26. Rc7
h6 27. d6 Bf5 28. g4 Be6 29. Re7 Bxc4 30. Re8+ Kf7 31. d7 Rxa2 32. d8=Q Ra3 33.
Re7+ Kg6 34. Qe8+ Kh7 35. Kc2 Rxh3 36. Re3 Rh2+ 37. Kc3 b5 38. Qe4+ Kg8 39. Qf4
Ra2 40. Re8+ Kh7 41. Qf5+ g6 42. Qd7+ Bf7 43. Qxf7# {Normal} 1-0

[Event "Rated Blitz game"]
[Site "?"]
[Date "2021.11.06"]
[Round "?"]
[White "S_Guliev"]
[Black "rudyLibanez"]
[Result "1-0"]
[WhiteElo "2586"]
[BlackElo "2444"]
[PlyCount "93"]
[EventDate "2021.??.??"]
[EventType "blitz"]

1. e4 e5 2. Nf3 d5 3. exd5 e4 4. Nd4 Qxd5 5. c3 Nf6 6. Be2 Be7 7. O-O O-O 8. d3
exd3 9. Bxd3 c5 10. Ne2 Rd8 11. Bc2 Qc6 12. Nd2 Nbd7 13. Ng3 Ne5 14. Qe2 Bd6
15. Nde4 Nxe4 16. Bxe4 Qc7 17. Bg5 Re8 18. Rfe1 Bg4 19. Qc2 g6 20. Bd5 Be6 21.
Ne4 Bxd5 22. Nf6+ Kg7 23. Nxd5 Re6 24. Nxc7 Bxc7 25. f4 h6 26. Bh4 g5 27. fxe5
gxh4 28. Qf5 Rae8 29. Rf1 R8e7 30. Rae1 Bxe5 31. Kh1 Rf6 32. Qg4+ Rg6 33. Qxh4
Bf6 34. Qh5 Rd7 35. Qxc5 Rd2 36. Rf2 b6 37. Qf5 Rd6 38. g3 Rg5 39. Qf3 Rg6 40.
Re4 b5 41. Rg4 Rg5 42. h4 Rg6 43. Rxg6+ fxg6 44. Qb7+ Kf8 45. Qb8+ Ke7 46. Re2+
Re6 47. Qc7+ {Normal} 1-0

[Event "Rated Blitz game"]
[Site "?"]
[Date "2021.11.06"]
[Round "?"]
[White "Valera200707"]
[Black "DOOGE228"]
[Result "1-0"]
[WhiteElo "2422"]
[BlackElo "2451"]
[PlyCount "31"]
[EventDate "2021.??.??"]
[EventType "blitz"]

1. e4 e5 2. Nf3 d5 3. exd5 e4 4. Qe2 Nf6 5. d3 Qxd5 6. Nc3 Bb4 7. Bd2 Bxc3 8.
Bxc3 O-O 9. Bxf6 exf3 10. gxf3 gxf6 11. O-O-O Bf5 12. Rg1+ Kh8 13. h4 Bg6 14.
f4 Bh5 15. Qe7 Nc6 16. Qxf6# {Normal} 1-0

[Event "Rated Blitz game"]
[Site "?"]
[Date "2021.11.06"]
[Round "?"]
[White "clnm08042015"]
[Black "khalid_ontawar"]
[Result "0-1"]
[WhiteElo "2450"]
[BlackElo "2487"]
[PlyCount "62"]
[EventDate "2021.??.??"]
[EventType "blitz"]

1. e4 e5 2. Nf3 d5 3. Nxe5 Qe7 4. d4 f6 5. Nf3 dxe4 6. Nfd2 Nc6 7. d5 Nd4 8. c3
Nf3+ 9. Nxf3 exf3+ 10. Be3 fxg2 11. Bxg2 Bf5 12. c4 O-O-O 13. Nc3 Kb8 14. Qa4
a6 15. O-O-O Qb4 16. c5 Bxc5 17. Bxc5 Qxc5 18. d6 Rxd6 19. Rxd6 Qxd6 20. Qe8+
Ka7 21. Qe3+ Qb6 22. Qf4 Bg6 23. Nd5 Qc6+ 24. Kd2 Ne7 25. Qe3+ b6 26. Qxe7 Qc2+
27. Ke3 Re8 28. Qxe8 Bxe8 29. Be4 Qc5+ 30. Ke2 Bb5+ 31. Kf3 f5 {Normal} 0-1

[Event "Rated Blitz tournament nov21bua"]
[Site "?"]
[Date "2021.11.06"]
[Round "?"]
[White "jumpingknight20"]
[Black "dr_xStranger"]
[Result "0-1"]
[WhiteElo "2517"]
[BlackElo "2645"]
[PlyCount "120"]
[EventDate "2021.??.??"]
[EventType "blitz"]

1. e4 e5 2. Nf3 d5 3. exd5 e4 4. Qe2 Nf6 5. Nc3 Be7 6. Nd4 O-O 7. g3 Bg4 8. Qc4
Nbd7 9. h3 Ne5 10. Qb3 Nf3+ 11. Nxf3 Bxf3 12. Rg1 Bc5 13. Bg2 Re8 14. Na4 Bd6
15. Kf1 Qd7 16. c4 Nh5 17. Bxf3 exf3 18. Qxf3 Qxh3+ 19. Qg2 Qf5 20. Qh2 Qd3+
21. Kg2 Qxc4 22. Nc3 Qg4 23. Qh4 Nf4+ 24. Kf1 Qxh4 25. gxh4 Nd3 26. b3 Bc5 27.
Rg3 Re1+ 28. Kg2 Nxc1 29. Rb1 Rae8 30. b4 Bd4 31. Nb5 Bb6 32. d6 cxd6 33. Nxd6
Rd8 34. Nc4 h6 35. Rb2 Nd3 36. Rc2 Bxf2 37. Rxd3 Rxd3 38. Kxf2 Re4 39. Ne3 Rxb4
40. Rc8+ Kh7 41. Ke2 Rd7 42. Rc4 Rxc4 43. Nxc4 Rc7 44. Ne3 Kg6 45. Kd3 Rd7+ 46.
Ke4 f5+ 47. Nxf5 Kf6 48. d4 g5 49. hxg5+ hxg5 50. Ne3 Re7+ 51. Kf3 Rxe3+ 52.
Kxe3 Ke6 53. Ke4 a6 54. d5+ Kd6 55. Kf5 Kxd5 56. Kxg5 Kc4 57. Kf4 Kc3 58. a4 b5
59. Ke3 bxa4 60. Ke4 a3 {Normal} 0-1

[Event "Rated Blitz game"]
[Site "?"]
[Date "2021.11.06"]
[Round "?"]
[White "suriyeli31"]
[Black "geptil"]
[Result "0-1"]
[WhiteElo "2507"]
[BlackElo "2473"]
[PlyCount "52"]
[EventDate "2021.??.??"]
[EventType "blitz"]

1. e4 e5 2. Nf3 d5 3. d4 dxe4 4. Nxe5 Bd6 5. Nc4 Nf6 6. Nc3 O-O 7. Nxd6 Qxd6 8.
Bg5 Nc6 9. d5 Bg4 10. Qd2 Ne5 11. h3 Bf3 12. Rg1 Nfd7 13. Bf4 Qg6 14. Bg3 f5
15. Qf4 Bh5 16. Bb5 c6 17. dxc6 bxc6 18. Be2 Bxe2 19. Nxe2 Qd6 20. Nc3 Rab8 21.
Rd1 Qb4 22. Qe3 Qxb2 23. Bxe5 Nxe5 24. Qd4 Rfe8 25. Ke2 Rb4 26. Qc5 Rc4 {Normal
} 0-1

[Event "Rated Blitz game"]
[Site "?"]
[Date "2021.11.06"]
[Round "?"]
[White "hectorluis2019"]
[Black "SerialDrinker"]
[Result "1-0"]
[WhiteElo "2474"]
[BlackElo "2332"]
[PlyCount "49"]
[EventDate "2021.??.??"]
[EventType "blitz"]

1. e4 e5 2. Nf3 d5 3. d3 dxe4 4. dxe4 Qxd1+ 5. Kxd1 Nc6 6. Nc3 Bg4 7. Bb5
O-O-O+ 8. Ke1 Bxf3 9. gxf3 Nd4 10. Ba4 Bb4 11. Kf1 Bxc3 12. bxc3 Nxf3 13. Be3
a6 14. Bb3 f6 15. Be6+ Kb8 16. h4 Ne7 17. Ke2 f5 18. Kxf3 fxe4+ 19. Kxe4 Rd6
20. Bb3 Rf8 21. Rad1 Nf5 22. Bc5 Nxh4 23. Rxd6 Rf4+ 24. Kxe5 Rf5+ 25. Kd4 {
Time forfeit} 1-0

[Event "Rated Blitz game"]
[Site "?"]
[Date "2021.11.06"]
[Round "?"]
[White "lugoking"]
[Black "armagnac"]
[Result "1-0"]
[WhiteElo "2401"]
[BlackElo "2306"]
[PlyCount "33"]
[EventDate "2021.??.??"]
[EventType "blitz"]

1. e4 e5 2. Nf3 d5 3. Nxe5 Bd6 4. d4 dxe4 5. Qh5 Qe7 6. Bc4 Be6 7. Bxe6 Qxe6 8.
Nc3 Nf6 9. Qg5 O-O 10. O-O Nbd7 11. Nxd7 Qxd7 12. Qh4 Rae8 13. Bg5 Ng4 14. h3
Nh2 15. Rfe1 f5 16. Bf4 Be7 17. Qg3 {Normal} 1-0